Fußballer mit höchstem Marktwert nach Buchstabe - mittel - Statistiken

Allgemein
  • Dieses Quiz wurde 89 mal gespielt
  • Das Durchschnittsergebnis liegt bei 16 aus 26
Antwortstatistiken
Buchstabe Marktwert in Mio. Nationalität Spieler % Korrekt
B 180 England Jude Bellingham
95%
M 180 Frankreich Kylian Mbappe
94%
H 200 Norwegen Erling Haaland
91%
W 130 Deutschland Florian Wirtz
85%
F 180 England Phil Foden
82%
Y 150 Spanien Lamine Yamal
79%
K 100 England Harry Kane
78%
O 110 Norwegen Martin Odegaard
77%
V 200 Brasilien Vinicius Junior
77%
R 130 Spanien Rodri
76%
X 20 Schweiz Granit Xhaka
73%
A 75 Argentinien Julian Alvarez
72%
I 75 Schweden Alexander Isak
71%
C 100 Frankreich Eduardo Camavinga
65%
S 140 England Bukayo Saka
63%
G 90 Spanien Gavi
63%
L 90 Portugal Rafael Leao
60%
T 100 Frankreich Aurelien Tchouameni
53%
D 80 Kolumbien Luis Diaz
46%
P 90 England Cole Palmer
41%
U 50 Uruguay Manuel Ugarte
37%
Z 60 Spanien Martin Zubimendi / Warren Zaire-Emery
37%
Q 22 England Jarell Quansah
31%
N 65 Frankreich Christopher Nkunku / Darwin Nunez
29%
J 55 Brasilien Gabriel Jesus
27%
E 60 England Eberechi Eze / Endrick
24%
Keine übereinstimmenden Quizze gefunden
Verteilung der Resultate
Anzahl Personen mit jedem Resultat
Perzentil nach korrekt beantworteten Fragen
Ihre Resultats-Entwicklung
Sie haben dieses Quiz noch nicht gespielt